000 00271nam a2200109Ia 4500
005 20251222141814.0
008 251222s9999||||xx |||||||||||||| ||spa||
082 _a515.43/L32/Ej.2
100 _aLázaro Carrión, Moisés
245 0 _aAnálisis Matemático I:
942 _cLIB
999 _c6575
_d6575